[Event "RUS Cup Final Men 2019"]
[Site "Khanty-Mansiysk"]
[Date "2019.12.06"]
[Round "1.2"]
[White "Shaposhnikov, Evgeny"]
[Black "Kokarev, Dmitry"]
[Result "1/2-1/2"]
[WhiteElo "2568"]
[BlackElo "2606"]
[Annotator "TA"]
[PlyCount "126"]
[EventDate "2019.12.05"]
[EventType "k.o."]
[EventCountry "RUS"]
[SourceTitle "playchess.com"]
[Source "ChessBase"]
[SourceQuality "1"]

{[%evp 14,126,18,15,29,0,0,0,0,0,0,0,0,0,18,15,27,-6,-3,0,19,16,43,32,60,52,196,0,0,0,0,0,0,-31,0,0,0,-67,-56,-57,-54,-107,-97,-130,-122,-128,-130,-140,-133,-135,-130,-137,-139,-131,-128,-187,-181,-237,-235,-235,-231,-226,-219,-204,-111,-111,-111,-111,-111,-111,-110,-110,-103,-104,-103,-128,-108,-103,-103,-103,-103,-103,-103,-103,-103,-150,-102,-102,-67,-67,-67,-67,-67,-67,-67,-67,-67,-67,-67,-67,-67,-67,-67,-67,-56,-56,-56,-56,-19,-19,-19,-19,-19,-19,-19]} 1. e4 c5 2. Nf3 d6 3. d4 cxd4 4. Nxd4 Nf6 5. Nc3 a6 6. g3 e5 7. Nb3 Be7 8. Bg2 b5 {B91: Sicilian Najdorf: 6 g3} (8... O-O 9. O-O Nc6 10. h3 h6 11. Be3 Na5 12. Nxa5 Qxa5 13. Qd2 Qc7 14. a4 Be6 15. a5 Rac8 16. Rfc1 Rfe8 17. Nd5 Bxd5 18. exd5 {1-0 (39) Anand,V (2764)-Nepomniachtchi,I (2775) Paris 2019}) 9. a4 b4 10. Nd5 Nxd5 11. Qxd5 Ra7 12. Be3 Be6 13. Qd3 $36 {[%mdl 2048] White has the initiative.} Rb7 14. O-O O-O 15. f4 {[#]} Qc7 $146 ({Predecessor:} 15... Qc8 16. Na5 Rc7 17. f5 Bc4 18. Nxc4 Rxc4 {1-0 (35) Hou,Y (2673)-Al Sayed,M (2516) Caleta 2015}) 16. Rf2 a5 17. Bf1 f6 18. Rc1 Rc8 19. c3 {Threatens to win with cxb4.} Qd8 {[#]} ({Of course not} 19... exf4 $6 20. gxf4 (20. Bxf4 Nc6 $16) 20... bxc3 21. Rxc3 $16) (19... Nc6 $1 $14) 20. cxb4 $2 (20. Bh3 $1 $18 {[%cal Rh3e6][%mdl 512]} Bxh3 21. Qd5+ {[%mdl 64] Double Attack} Kh8 22. Qxb7) 20... Rxc1 $11 21. Nxc1 {aiming for Bh3!} Rxb4 22. Qc2 exf4 23. gxf4 Qc8 24. f5 Bd7 $1 25. b3 (25. Bd3 $11) 25... Qxc2 $15 26. Rxc2 Rxe4 27. Ba7 (27. Bb6 $15) 27... Nc6 $17 28. Bg2 Rg4 29. h3 {[#]} Rxg2+ $1 {[%mdl 512]} 30. Kxg2 (30. Rxg2 Nxa7) 30... Bxf5 ({Not} 30... Nxa7 31. Rc7 $14) 31. Re2 d5 32. Bb6 Ba3 33. Re1 d4 34. Ne2 (34. Kf2 $17) 34... Bb4 $19 35. Rg1 (35. Rd1 {might work better.}) 35... d3 36. Ng3 Be6 37. Rb1 d2 {And now ...Bxb3! would win.} 38. Nf1 Bf5 (38... Kf7 $19 39. Be3 {[#]} Bxb3 $1 {[%mdl 512]} 40. Bxd2 Bxa4) 39. Rd1 $17 Bc2 40. Rxd2 Bxd2 41. Nxd2 {[%mdl 4096] Endgame KBN-KBN} Kf7 42. Kg3 g5 43. Nc4 f5 44. Nxa5 f4+ 45. Kf3 Nxa5 46. Bxa5 {KB-KB} Kg6 47. h4 h6 ({But not} 47... gxh4 $6 48. Kxf4 h3 49. Kg3 $11) 48. hxg5 hxg5 49. Be1 Kf5 50. a5 Bxb3 51. a6 Bd5+ 52. Kf2 $1 g4 53. a7 g3+ 54. Kf1 Kg4 55. Bb4 Kh3 56. Kg1 $1 Bc6 57. Bc5 Kg4 58. Bb6 f3 59. Kf1 Kf5 60. Bg1 Ke4 61. Bb6 {The position is equal.} Kd3 62. Ke1 Kc2 63. Bg1 Bb7 {Accuracy: White = 71%, Black = 50%.} 1/2-1/2

[Event "RUS Cup Final Men 2019"]
[Site "Khanty-Mansiysk"]
[Date "2019.12.05"]
[Round "1.2"]
[White "Bocharov, Ivan"]
[Black "Goganov, Aleksey"]
[Result "1/2-1/2"]
[WhiteElo "2563"]
[BlackElo "2581"]
[Annotator "TA"]
[PlyCount "49"]
[EventDate "2019.12.05"]
[EventType "k.o."]
[EventCountry "RUS"]
[SourceTitle "playchess.com"]
[Source "ChessBase"]
[SourceQuality "1"]

{[%evp 17,49,-9,-8,-8,-17,-17,-7,-7,0,0,-10,-12,0,0,0,0,0,0,0,0,0,0,0,0,0,0,0,0,0,0,0,0,0,0]} 1. e4 e5 2. Nf3 Nc6 3. d4 exd4 4. Nxd4 Nf6 5. Nxc6 bxc6 6. e5 Qe7 7. Qe2 Nd5 8. c4 Ba6 9. b3 g6 {The position is equal.} 10. Ba3 {C45: Scotch Game} (10. g3 Bg7 11. Bb2 O-O 12. Bg2 Rae8 13. O-O Bxe5 14. Qxe5 Qxe5 15. Bxe5 Rxe5 16. cxd5 Bxf1 17. Kxf1 cxd5 18. Nc3 c6 19. Rd1 Rfe8 20. Bf3 Kf8 21. Ne2 {½-½ (41) Aronian,L (2765)-Amin,B (2709) Germany 2019}) 10... Nb4 11. Bb2 Bg7 $1 12. a3 Nd5 $1 13. Nd2 {[%cal Bb1d2,Bd2e4,Be4f6][%mdl 32]} O-O 14. O-O-O Rfe8 15. Qf3 Nb6 16. Ne4 Bxe5 17. Bxe5 Qxe5 18. Nf6+ {[%mdl 64] [#] Double Attack} Kf8 {...Re6 is the strong threat.} 19. Nxe8 Qa1+ {[%mdl 64] Double Attack} 20. Kc2 Qa2+ 21. Kc1 $1 {Strongly threatening Qc3.} Qa1+ (21... Na4 $5 22. Qf6 $8 Qxa3+ 23. Kb1 (23. Kc2 Qa2+ 24. Kc1 Qa3+ 25. Kb1 Qxb3+ {[%mdl 64] Double Attack} 26. Kc1 Qa3+ 27. Kc2 Qa2+ {[%mdl 64] Double Attack} 28. Kc1 Qa3+ 29. Kc2 Qa2+ {[%mdl 64] Double Attack} 30. Kc1 Qa3+ $11) 23... Qxb3+ {[%mdl 64] Double Attack} 24. Kc1 Qa3+ 25. Kc2 Qa2+ {[%mdl 64] Double Attack} 26. Kc1 Qa3+ 27. Kd2 Qa2+ 28. Kc1 Qa3+ $11) 22. Kc2 Qa2+ 23. Kc1 $1 {[#] Hoping for Qc3.} Qa1+ {[#]} 24. Kc2 $146 Qa2+ 25. Kc1 $1 1/2-1/2

[Event "RUS Cup Final Men 2019"]
[Site "Khanty-Mansiysk"]
[Date "2019.12.06"]
[Round "1.2"]
[White "Moiseenko, Vadim"]
[Black "Sjugirov, Sanan"]
[Result "0-1"]
[WhiteElo "2526"]
[BlackElo "2665"]
[Annotator "TA"]
[PlyCount "110"]
[EventDate "2019.12.05"]
[EventType "k.o."]
[EventCountry "RUS"]
[SourceTitle "playchess.com"]
[Source "ChessBase"]
[SourceQuality "1"]

{[%evp 18,110,18,14,16,7,0,-4,4,-19,-18,-13,-4,-18,-7,-11,-12,-10,-10,-22,-20,-10,-17,-10,-10,-10,-17,-15,-18,-70,-59,-68,-53,-58,-47,-67,-52,-52,-52,-52,-30,-45,-40,-108,-116,-108,-94,-94,-94,-94,-94,-94,-94,-94,-94,-112,-100,-200,-203,-201,-186,-212,-130,-370,-363,-333,-327,-995,-978,-901,-818,-12837,-12838,-12841,-12841,-12841,-12841,-12841,-12840,-12836,-12835,-12835,-12835,-12835,-1850,-12836,-12836,-12834,-6713,-12843,-12843,-12846,-12845,-12846,-12843]} 1. e4 c5 2. Nf3 d6 3. d4 cxd4 4. Nxd4 Nf6 5. Nc3 a6 6. Be3 e5 7. Nf3 Be7 8. Bc4 O-O 9. O-O Be6 10. Bb3 b5 {B90: Sicilian Najdorf: Unusual White 6th moves, 6 Be3 Ng4 and 6 Be3 e5} 11. Qe2 (11. Bg5 Nbd7 12. Re1 Rc8 13. a3 h6 14. Bxf6 Nxf6 15. Nd2 Bg4 16. f3 Qb6+ 17. Kh1 Be6 18. Nf1 {0-1 (44) Carlsen,M (2861)-Vachier Lagrave,M (2780) Abidjan 2019}) 11... Qc7 12. Rfd1 Rc8 {The position is equal.} 13. Rac1 Nbd7 14. Bg5 Rab8 15. Bxf6 $146 ({Predecessor:} 15. Nd5 Bxd5 16. Bxf6 {0-1 (53) Burg,T (2301)-Li,S (2502) Netherlands 2008}) 15... Nxf6 16. Nd5 Bxd5 17. Bxd5 Nxd5 18. Rxd5 Qc4 19. Qxc4 bxc4 20. Rb1 Rb5 21. Rxb5 axb5 $11 {[%mdl 4096] Endgame KRB-KRN} 22. g4 g6 23. Rd1 (23. c3 $11) 23... b4 24. Kf1 Kg7 25. g5 h6 26. h4 f5 27. gxf6+ Kxf6 28. Ke2 Ra8 29. Ra1 Ke6 30. b3 (30. Nd2 $15) 30... cxb3 31. cxb3 d5 32. exd5+ Kxd5 33. Rd1+ Ke6 34. Rd2 Rc8 35. Kf1 Rf8 36. Kg2 Rf4 37. Kg3 {[#]} (37. h5 $17) 37... h5 $1 $19 38. Re2 Bf6 39. Rc2 Kf5 40. Rc6 $2 (40. Rc5 $17) 40... Rg4+ 41. Kh3 e4 42. Ng5 $2 (42. Rc5+ Kf4 43. Nh2 Rxh4+ 44. Kg2) 42... Bxg5 {Black is clearly winning.} 43. hxg5 Rxg5 {KR-KR} 44. Rc4 Kf4 45. Rxb4 Kf3 46. a4 Rg1 {[%cal Rg1h1] [#]} 47. Kh2 Rg2+ 48. Kh3 g5 49. Rb7 g4+ 50. Kh4 Rh2+ 51. Kg5 e3 52. Rf7+ Ke2 53. fxe3 g3 54. Rc7 g2 55. Rc1 h4 {Accuracy: White = 40%, Black = 81%.} 0-1

[Event "RUS Cup Final Men 2019"]
[Site "Khanty-Mansiysk"]
[Date "2019.12.05"]
[Round "1.3"]
[White "Volkov, Sergey"]
[Black "Pridorozhni, Aleksei"]
[Result "1/2-1/2"]
[WhiteElo "2578"]
[BlackElo "2602"]
[Annotator "TA"]
[PlyCount "80"]
[EventDate "2019.12.05"]
[EventType "k.o."]
[EventCountry "RUS"]
[SourceTitle "playchess.com"]
[Source "ChessBase"]
[SourceQuality "1"]

{[%evp 21,80,-4,20,6,11,11,10,8,11,14,14,-12,-8,-12,-10,-13,-9,-16,-12,-8,-9,-18,0,-15,0,0,12,16,17,1,27,22,35,0,11,0,0,0,0,0,0,0,0,0,0,0,0,0,0,0,0,0,0,-12,0,0,0,0,0,0,0]} 1. d4 d5 2. c4 e6 3. Nc3 Nf6 4. Bg5 Be7 5. e3 O-O 6. Nf3 Ne4 7. Bxe7 Qxe7 8. Qc2 Nxc3 9. bxc3 c5 10. cxd5 exd5 11. Bd3 h6 12. O-O {D55: Queen's Gambit Declined: 4 Bg5 Be7: Lines without ...h6 and 6...h6 7 Bxf6} Nc6 13. dxc5 (13. Bh7+ Kh8 14. Bf5 b6 15. Rfe1 Qf6 16. Bxc8 Raxc8 17. Qb3 Rfd8 18. Qa3 Na5 19. Ne5 Qf5 20. Rac1 Rc7 21. Red1 Rdc8 22. Qb2 cxd4 23. cxd4 Rc2 24. Nxf7+ Kg8 {0-1 (25) Sorin,M (2249)-Pershin,D (2171) Pardubice 2014}) 13... Qxc5 14. Rab1 Qe7 $146 ({Predecessor:} 14... a6 15. Rfd1 b5 16. h3 Be6 17. a4 Rfb8 18. Nd4 Nxd4 19. exd4 Qc6 20. axb5 axb5 21. Qb3 {½-½ (37) Salaheddin,E-Hamam,B (2047) Tipaza 2011}) 15. Rb5 Be6 16. Rfb1 b6 17. R5b2 Rac8 18. Qd2 Rc7 19. a4 Qf6 20. Nd4 Na5 {[%cal Bc6a5,Ba5b7,Bb7c5,Bc5e4][%mdl 32]} 21. h3 Bd7 22. Rb4 Rd8 23. Rd1 Nb7 24. Ne2 Be6 25. Bb1 Nc5 26. Nf4 Rdc8 27. Qe1 (27. Qc2 {feels hotter.} g6 28. Qb2 Kg7 29. Rbd4 h5 30. Rc1) 27... Ne4 {The position is equal.} 28. Nxd5 Bxd5 29. Bxe4 Bxe4 30. Rxe4 Qxc3 31. Qxc3 Rxc3 $11 {[%mdl 4096] Endgame KRR-KRR} 32. Rd7 {And now Ree7 would win.} R3c7 33. Re8+ Rxe8 34. Rxc7 {KR-KR} a5 35. Rb7 Re4 36. Rxb6 Rxa4 37. Ra6 h5 38. g3 g6 39. h4 Kg7 40. Kg2 Ra2 {Accuracy: White = 67%, Black = 67%.} 1/2-1/2

[Event "RUS Cup Final Men 2019"]
[Site "Khanty-Mansiysk"]
[Date "2019.12.06"]
[Round "1.4"]
[White "Pridorozhni, Aleksei"]
[Black "Volkov, Sergey"]
[Result "1/2-1/2"]
[WhiteElo "2602"]
[BlackElo "2578"]
[Annotator "TA"]
[PlyCount "117"]
[EventDate "2019.12.05"]
[EventType "k.o."]
[EventCountry "RUS"]
[SourceTitle "playchess.com"]
[Source "ChessBase"]
[SourceQuality "1"]

{[%evp 15,117,16,4,9,12,5,14,10,15,0,4,0,8,0,0,0,0,-14,-4,-18,-15,-10,0,-11,0,0,13,0,0,5,16,15,31,7,10,0,6,-19,-27,-50,-22,-37,0,0,0,0,0,0,0,0,86,86,95,62,109,105,100,93,103,38,43,49,117,113,116,109,191,191,229,85,163,8,8,8,8,8,8,8,8,8,8,6,3,8,8,2,8,1,6,6,6,6,6,0,0,0,0,0,0,0,0,0,0,0]} 1. e4 e6 2. d4 d5 3. Nc3 Nf6 4. e5 Nfd7 5. f4 c5 6. Nf3 Nc6 7. Be3 Be7 8. Qd2 O-O 9. Be2 {C11: French: Classical System: 4 e5 and 4 Bg5 dxe4} b6 10. O-O Bb7 11. Rad1 Rc8 12. a3 a6 13. Qe1 Qc7 14. Qg3 cxd4 15. Nxd4 {[#]} Bc5 $146 ({Predecessor:} 15... Nc5 16. Bg4 Nxd4 17. Bxd4 {1-0 (60) Nabaty,T (2670)-Volkov,S (2583) Stockholm 2019}) 16. Kh1 Nxd4 17. Bxd4 Bxd4 18. Rxd4 b5 19. Bd3 Qb6 20. Ne2 {With the idea f5.} f5 21. c3 Nc5 22. Bc2 a5 23. Qe3 Ba6 24. Re1 Rc7 25. Ng1 Na4 26. Bxa4 bxa4 27. Rd2 Qxe3 28. Rxe3 Rb8 (28... Rc4 $5 {[%cal Rc4f4]} 29. Rf3 Re4 $15) 29. Rf3 $1 d4 30. cxd4 Bb7 31. Rff2 Rc1 32. h3 Rd8 (32... Be4 $11 {remains equal.}) 33. Kh2 $16 h6 34. h4 Be4 35. Ne2 Rc4 36. Rf1 Kf7 37. Rc1 (37. h5 $16) 37... Rxc1 $14 38. Nxc1 {[%mdl 4096] Endgame [#] KRB-KRN} Kg6 (38... g5 $1 $14 {[%mdl 512]}) 39. Ne2 $16 Rd7 40. Kg3 Kh5 (40... Bc6 $16 {was worth a try.}) 41. Nc3 $18 Bc6 42. Kh3 (42. d5 $1 $18 {[%cal Rd5c6] and the rest is easy.} Bxd5 43. Nxd5 (43. Nxa4 Rb7 $11)) 42... g5 {[#]} (42... Kg6 $16) 43. hxg5 $2 (43. d5 $1 $18 {[%cal Rd5c6][%mdl 512]} g4+ (43... Bxd5 44. Nxd5) 44. Kg3 Bxd5 45. Nxd5 (45. Nxa4 Rb7 $14) 45... exd5 46. e6) 43... hxg5 $11 {The position is equal.} 44. Kg3 gxf4+ 45. Kxf4 Rg7 $1 46. d5 Rg4+ 47. Ke3 exd5 48. Nxd5 {Black must now prevent Nf6+.} Re4+ {[%mdl 64] Double Attack} 49. Kf2 {Hoping for Nf6+.} Rxe5 50. Nc3 Kg5 51. Rd4 Re8 52. Rc4 Bd7 53. Rc7 Rd8 54. g3 Be8 55. Ke3 Rb8 56. Re7 Bc6 57. Rc7 Be8 58. Re7 Bc6 59. Rc7 {Accuracy: White = 49%, Black = 56%.} 1/2-1/2

[Event "RUS Cup Final Men 2019"]
[Site "Khanty-Mansiysk"]
[Date "2019.12.06"]
[Round "1.4"]
[White "Volkov, Sergey"]
[Black "Pridorozhni, Aleksei"]
[Result "1-0"]
[WhiteElo "2578"]
[BlackElo "2602"]
[Annotator "TA"]
[PlyCount "105"]
[EventDate "2019.12.05"]
[EventType "k.o."]
[EventCountry "RUS"]
[SourceTitle "playchess.com"]
[Source "ChessBase"]
[SourceQuality "1"]

{[%evp 16,121,39,17,46,22,42,37,35,39,43,31,40,69,55,32,37,23,51,41,72,72,104,78,108,96,94,95,111,108,161,166,223,238,231,192,252,221,218,195,256,225,202,180,183,180,181,180,187,179,179,179,177,156,164,5,158,158,190,152,152,152,159,144,150,137,137,137,142,137,160,0,188,181,185,169,283,192,317,199,199,200,202,134,114,116,190,193,1206,1138,29971,29972,29975,29976,29976,29977,5414,6303,29990,29991,29991,29992,29992,29993,29993,29990,29990,29989]} 1. d4 d5 2. c4 e6 3. Nc3 Nf6 4. Bg5 Be7 5. e3 O-O 6. Rc1 dxc4 7. Bxc4 b6 8. Nf3 Bb7 9. O-O Nbd7 {D55: Queen's Gambit Declined: 4 Bg5 Be7: Lines without ...h6 and 6...h6 7 Bxf6} 10. Qe2 h6 (10... Nd5 11. Bxe7 Qxe7 12. Nxd5 exd5 13. Bb5 Nb8 14. Bd3 Rc8 15. Bf5 Re8 16. b4 {1-0 (50) Vazquez Igarza,R (2570)-Mkrtchyan,L (2148) Collado Villalba 2019}) 11. Bf4 $146 ({Predecessor:} 11. Bh4 a6 12. a4 Nd5 13. Bg3 Nxc3 14. Rxc3 Nf6 15. Rfc1 Ne4 16. R3c2 Nxg3 17. hxg3 c5 18. Rd1 Qe8 19. b3 cxd4 20. exd4 {½-½ (87) Mrkonjic,N (2350)-Rosic,S (2291) Tuzla 2005}) 11... Bd6 {White is slightly better.} 12. Ne5 a6 13. Rfd1 b5 14. Bd3 Qe7 15. a3 Rfd8 16. Bb1 Rac8 17. b4 $1 {[%cal Bb2b4,Bb4c5][%mdl 32]} Nf8 18. Bg3 Qe8 19. Nd3 Ng6 20. Nc5 Bxc5 21. bxc5 Bd5 22. Nxd5 {[%mdl 64] Overworked Piece} exd5 (22... Nxd5 $16 23. h3 Qd7) 23. Bf5 $18 c6 (23... Nd7 $142 24. c6 Nb6 25. Bxc8 Rxc8) 24. Bxc8 Rxc8 25. f3 Qd7 (25... a5 {is a better defense.} 26. Rd2 Nf8) 26. Re1 h5 27. h4 Re8 (27... a5 {keeps fighting.} 28. Qf2 Re8) 28. Qd2 Qd8 29. Rcd1 a5 30. Qd3 a4 31. e4 Qd7 32. e5 Nh7 33. Re2 Nhf8 34. Rde1 Ne6 35. Qd2 $2 ({Better is} 35. Rd2 $18) 35... Ne7 $2 (35... Qe7 $11) 36. Bf2 $16 Kh7 37. g3 Rh8 38. Kg2 Kg8 39. Be3 Nf5 40. Qd3 g6 41. Rh1 Kf8 42. Qd2 Qd8 43. Bg5 $2 (43. Rb1 $16) 43... Nxg5 $2 (43... Qc7 $11) 44. hxg5 $18 Ng7 {[%cal Bf5g7,Bg7h5,Bh5g3,Bg3e4][%mdl 32]} 45. g4 Qe7 (45... Kg8 $142 46. gxh5 Rxh5 47. Rxh5 gxh5) 46. Kg1 Ke8 (46... Rg8 {was worth a try.} 47. Rg2 hxg4 48. Rxg4 Nh5) 47. Rf2 Rf8 48. gxh5 Nxh5 49. f4 Ng3 50. Rh7 Ne4 51. Qa5 {aiming for Qa8+.} Qd7 $2 {[#]} (51... Nxf2 52. Qa8+ (52. Kxf2 Qe6 $14) 52... Kd7 53. Qb7+ Kd8 54. Qb6+ (54. Qxc6 Nd1 $16) 54... Qc7 55. Kxf2 Qxb6 56. cxb6 Kc8) 52. f5 $1 {Strongly threatening e6!} gxf5 {[#]} 53. Rg2 {Played: g5-g6} 1-0

[Event "RUS Cup Final Men 2019"]
[Site "Khanty-Mansiysk"]
[Date "2019.12.05"]
[Round "1.4"]
[White "Pogosyan, Stefan"]
[Black "Ponkratov, Pavel"]
[Result "1-0"]
[WhiteElo "2459"]
[BlackElo "2632"]
[Annotator "TA"]
[PlyCount "87"]
[EventDate "2019.12.05"]
[EventType "k.o."]
[EventCountry "RUS"]
[SourceTitle "playchess.com"]
[Source "ChessBase"]
[SourceQuality "1"]

{[%evp 9,87,37,45,19,56,35,37,40,32,23,30,18,29,0,8,0,0,0,21,10,23,9,20,47,0,-52,56,47,91,89,126,125,120,96,118,129,177,178,174,162,192,148,226,224,383,380,354,335,354,363,367,362,434,451,511,494,561,455,583,532,907,893,943,935,942,788,912,896,1285,1258,1160,1144,978,815,2235,1734,2093,2079,29974,29974]} 1. c4 e6 2. Nc3 d5 3. d4 c6 4. e3 Bd6 5. Bd3 f5 6. Nge2 {A84: Dutch Defence: 2 c4 Miscellaneous} (6. Nf3 Nf6 7. O-O O-O 8. Ne5 Nbd7 9. f4 Ne4 10. Bd2 Nxe5 11. fxe5 Nxd2 12. Qxd2 Bxe5 13. cxd5 Bc7 14. dxc6 bxc6 15. Rac1 Kh8 16. Ne2 e5 17. Qc2 Qg5 {1-0 (37) Aronian,L (2803)-Ivanchuk,V (2731) Beijing 2013}) 6... Nh6 7. Bd2 O-O 8. Qc2 {White is slightly better.} Nd7 9. f3 Kh8 10. O-O-O b5 $146 ({Predecessor:} 10... dxc4 11. Bxc4 e5 12. e4 exd4 13. Nxd4 {1-0 (62) Di Berardino,D (2504)-Abdalla,L (2272) Rio de Janeiro 2013}) 11. c5 Bc7 12. e4 dxe4 13. fxe4 Ng4 {aiming for ...b4.} 14. exf5 Nf2 {Hoping for ...exf5.} (14... b4 $5 {[%cal Rb4c3]} 15. Ne4 exf5 $11) 15. Be4 $1 $36 {[%cal Re4c6][%mdl 2048] Black is under pressure.} b4 16. Nb5 $1 Ba6 17. Bxc6 (17. Nxc7 $11 Qxc7 18. Nf4 exf5 19. Ne6 {[%mdl 64] Double Attack} (19. Bxf5 Nxh1 20. Rxh1 Rf6 $11)) 17... Bxb5 (17... Rc8 $1 $15 18. fxe6 Nb8) 18. Bxb5 $14 Rxf5 {[#]} 19. Rhf1 $1 {Strongly threatening Rde1.} Nxd1 20. Rxf5 (20. Rxd1 Nf6 $11) 20... exf5 21. Qxf5 (21. Qxd1 $6 Rb8 $11) 21... Nxb2 22. Qxd7 Nd3+ 23. Kc2 Nf2 24. Qxd8+ ({Don't do} 24. Bxb4 $6 Qg8 $16) 24... Rxd8 {[#]} 25. Bc6 $1 ({Don't play} 25. Bxb4 $6 Rb8 $16) 25... a5 (25... Bxh2 $16 26. Bxb4 Rb8) 26. h3 $18 {[%mdl 1024] White has strong compensation.} Kg8 $2 (26... Rf8 27. Be3 Rf6) 27. Be1 Rf8 28. Bf3 Nh1 29. d5 Be5 30. Kd3 Rc8 31. c6 Rb8 {Black hopes to continue with ...a4.} 32. Kc4 Bd6 33. g4 a4 34. Nd4 Ng3 35. Nb5 b3 36. axb3 axb3 37. Bc3 ({Avoid the trap} 37. Nxd6 $2 b2 $19) 37... Bf4 38. d6 Nf1 39. c7 {Bd5+ would kill now.} Ne3+ 40. Kd3 Rf8 41. Bb7 Nd1 42. Bd4 b2 43. Kc2 {[%mdl 64] Double Attack} Ne3+ 44. Bxe3 {Accuracy: White = 68%, Black = 48%.} 1-0

[Event "RUS Cup Final Men 2019"]
[Site "Khanty-Mansiysk"]
[Date "2019.12.05"]
[Round "1.5"]
[White "Iljiushenok, Ilia"]
[Black "Chigaev, Maksim"]
[Result "0-1"]
[WhiteElo "2521"]
[BlackElo "2631"]
[Annotator "TA"]
[PlyCount "82"]
[EventDate "2019.12.05"]
[EventType "k.o."]
[EventCountry "RUS"]
[SourceTitle "playchess.com"]
[Source "ChessBase"]
[SourceQuality "1"]

{[%evp 20,82,51,20,16,22,47,0,35,7,30,8,46,29,31,47,144,136,128,150,120,139,147,134,138,44,61,22,16,16,97,0,4,0,0,0,119,0,0,0,0,0,0,12,0,0,0,0,0,0,0,0,0,0,15,0,0,-23,-14,-298,0,-487,-438,-29988,-29989]} 1. c4 Nf6 2. Nc3 e5 3. g3 g6 4. Bg2 Bg7 5. e4 O-O 6. Nge2 Nc6 7. d3 d6 8. O-O Nd4 9. Nxd4 exd4 10. Ne2 c5 11. h3 Rb8 {A26: English Opening vs King's Indian with ...Nc6 and d3} 12. a4 b6 (12... Ne8 13. Bd2 f5 14. Kh2 fxe4 15. Bxe4 Nf6 16. Bg2 Kh8 17. Qc2 Bd7 18. Rae1 Re8 19. b4 {1-0 (36) Danielsen,H (2520)-Sigfusson,S (2319) Reykjavik 2015}) 13. f4 (13. b4 $5) 13... a6 {The position is equal.} 14. b3 $146 ({Predecessor:} 14. g4 b5 15. axb5 axb5 16. b3 Bd7 17. Ng3 Ne8 {0-1 (44) Fossum,O (1832)-Skjoldan,B (1919) Viby 2002}) 14... Re8 15. Ra2 Bb7 16. g4 Nd7 17. g5 h5 ({Better is} 17... Bc6 $14) 18. h4 $1 $16 b5 19. axb5 (19. cxb5 axb5 20. axb5 d5) 19... axb5 20. Ng3 bxc4 21. bxc4 Bc6 22. e5 (22. Bf3 $1 $16) 22... Qc7 23. Bxc6 Qxc6 24. Ne4 d5 (24... dxe5 $11 25. f5 Red8) 25. cxd5 (25. Nd6 $16) 25... Qxd5 $11 26. Rc2 Rb1 27. Qf3 Rd8 {[#]} (27... Qe6 $11 {keeps the balance.}) 28. Kg2 (28. Nf6+ $1 $16 Nxf6 29. gxf6) 28... Qb3 29. Rcf2 Qe6 30. Rc2 Qb3 31. Rff2 Bf8 32. Rb2 Rxb2 33. Rxb2 Qe6 34. Rb7 Be7 35. Bd2 Rb8 36. Rc7 {Threatens to win with Qh3.} Kf8 37. Kf2 Rb2 38. Kg3 Kg7 39. Ra7 $2 {[%mdl 8192] [#]} (39. Be1 $11) 39... Qf5 $2 (39... c4 $1 $19 {Hoping for ...cxd3.} 40. Bc1 Rb3) 40. Kf2 $2 {[%mdl 8192] [#]} (40. Rc7 $1 $11 {and White is okay.}) 40... c4 $1 $19 {[%mdl 512]} 41. Ke1 {[#]} (41. Kg3 $19 cxd3 42. Rc7) (41. dxc4 Nc5) 41... Nxe5 $1 {[%mdl 576] Double Attack, Pin. Accuracy: White = 36%, Black = 43%.} 0-1

[Event "RUS Cup Final Men 2019"]
[Site "Khanty-Mansiysk"]
[Date "2019.12.05"]
[Round "1.6"]
[White "Kokarev, Dmitry"]
[Black "Shaposhnikov, Evgeny"]
[Result "1-0"]
[WhiteElo "2606"]
[BlackElo "2568"]
[Annotator "TA"]
[PlyCount "105"]
[EventDate "2019.12.05"]
[EventType "k.o."]
[EventCountry "RUS"]
[SourceTitle "playchess.com"]
[Source "ChessBase"]
[SourceQuality "1"]

{[%evp 22,105,27,25,20,12,18,12,20,0,0,0,28,14,26,27,12,7,14,14,20,8,31,14,26,8,12,17,34,37,32,39,35,30,74,76,98,104,122,130,178,186,322,329,308,235,213,189,193,170,335,298,295,270,252,233,303,300,295,297,304,296,299,298,297,290,368,216,321,317,303,306,315,305,314,322,314,300,3808,3282,2698,2359,29970,29971,29975,29975]} 1. e4 e5 2. Nf3 Nc6 3. Bb5 a6 4. Ba4 Nf6 5. O-O b5 6. Bb3 Bb7 7. d3 Be7 8. a4 O-O 9. Re1 d6 10. Nbd2 {[%cal Bb1d2,Bd2f1,Bf1e3,Be3c4][%mdl 32]} Na5 11. Ba2 c5 12. Nf1 b4 {C88: Closed Ruy Lopez: Anti-Marshall Systems} 13. Ne3 (13. Bd2 Bc8 14. Ne3 Be6 15. Bxe6 fxe6 16. c3 bxc3 17. bxc3 Rb8 18. Qc2 Qd7 19. Rab1 h6 20. Qa2 {1-0 (64) Anand,V (2773)-Praggnanandhaa,R (2530) Kolkata 2018}) 13... Rb8 14. Bd2 Bc8 {The position is equal.} 15. Nc4 Nc6 16. h3 Be6 17. Ng5 Bd7 18. f4 h6 19. fxe5 $146 ({Predecessor:} 19. Nf3 Qc7 20. Qe2 {½-½ (61) Domancich,E (2394)-Maurer,S (2369) ICCF email 2007}) 19... dxe5 20. Nf3 Be6 21. Be3 Nd7 22. Bf2 Bf6 23. Ne3 Bxa2 24. Rxa2 Nd4 25. c3 $36 {[%mdl 2048] White fights for an advantage.} bxc3 26. bxc3 Nxf3+ 27. Qxf3 g6 28. Nd5 Bg7 29. Raa1 {[%cal Ba2a1,Ba1b1,Bb1b7,Bb7a7][%mdl 32]} Rb2 30. Reb1 Rxb1+ 31. Rxb1 Qa5 (31... f5 $142 32. Rb7 Rf7) 32. Rb7 $18 Qxa4 33. Bh4 c4 34. dxc4 {Threatens to win with Rc7.} Nc5 35. Ra7 $1 {Black must now prevent Be7.} g5 $2 (35... Ne6 {keeps fighting.}) 36. Bf2 Ne6 37. c5 Nf4 38. Ne7+ Kh7 39. c6 Bf6 {and if ...Bxe7 works, Black does fine.} 40. Nd5 $1 Qxc6 {[#]} 41. g3 $1 Nxd5 ({Reject} 41... Nxh3+ 42. Kg2 $18) 42. exd5 Qd6 {[#]} 43. c4 $1 {[%cal Bc3c4,Bc4c5,Bc5c6,Bc6c7][%mdl 32]} Bg7 44. g4 (44. c5 $142 Qg6 45. d6) 44... Kg8 (44... Qb4 {might work better.}) 45. c5 Qb8 46. c6 ({Weaker is} 46. Rxa6 Qb4 $16) 46... Qb1+ 47. Kg2 e4 48. Qf5 Qc2 {intending ...Bd4.} 49. c7 {And now d6 would win.} ({Not} 49. Rxa6 Bd4 $11) 49... Kh8 $2 (49... Qc3 50. Qxe4 Be5 51. Rxa6 Bxc7) 50. d6 {Threatening mate with d7.} Qc6 51. Qc5 Qd7 52. Rb7 e3 {[#]} 53. Bxe3 {Played: Rb7-b8} 1-0